01028nam a22002057a 450000500170000001000150001702000260003203500140005803700090007208200110008110000420009224502450013424600810037925000060046026000880046627001540055430000530070865000230076170000380078420240912155359.0 aHIN-128239 a9789355432575c350.00 aHN-100585 bDBAD a181.43 aपटेल, कमलेश डी. aद हार्टफुलनेस वे:bआध्यात्मिक रूपांतरण के लिए हृदय-आधारित ध्यान/cकमलेश डी. पटेल; जोशुआ पोलॉक  aThe Heartfulness Way:bHeart-Based Meditations For Spiritual Transformation  a1 aभोपाल bमंजुल पब्लिशिंग हाउस c2023  aद्वितीय तल, उषा प्रीत कॉम्प्लेक्स, 42 मालवीय नगर bभोपाल e462003 a166 पृ.c21सेमी (अजिल्द) aहिन्दी aपोलॉक, जोशुआ